000 00390nam a2200145 a 4500
001 000031849
005 20200930063228.0
008 110706s20002004dr 000 0 spa d
040 _aDO-SdBNP
_bspa
_cBNPHU
110 1 _aBanco Nacional de la Vivienda
_957099
245 1 0 _amemoria 2000-2004.
260 _a[Santo Domingo] :
_bBNV,
_c2000-2004.
300 _a122 p. ;
_c30 cm.
049 _aBNPD
999 _c31341
_d31341